000 01472nam a2200325 i 4500
003 EG-GICUC
005 20260121101502.0
008 251214s2003 ua ||||fr|||| 00| 0 ara d
040 _a EG-GICUC
_bara
_c EG-GICUC
_d EG-GICUC
_erda
041 _aara
082 0 4 _221
_a341.511
_bم ح . ح
092 0 4 _221
099 _aLaw1 11 341.511 م ح . ح 2003
100 0 _aمحمد صافى يوسف
_eمؤلف.
245 1 2 _aالمحكمة الدولية لقانون البحار :
_bدراسة تحليلية للجوانب التنظيمية والوظيفية للمحكمة ولأهم الأحكام القضائية الصادرة عنها /
_cمحمد صافى يوسف.
264 1 _aالقاهره :
_bدار النهضة العربية,
_c2003.
300 _a368 ؛ صفحة
_c24 سم.
336 _2rda content
_atext
337 _2rda media
_aComputer
338 _2rda carrier
_aOnline Resource
500 _aاهداء مكتبة ا.د. صلاح عامر
504 _aيحتوي على ارجاعات ببليوجرافية يحتوي على قائمة بالمراجع
546 _aالنص أغلبه باللغة العربية بعض النصوص الإنجليزية والفرنسية
650 1 _aالمحاكم الدولية
_xالقانون الدولى العام
_2qrmak
650 1 _aقانون البحار
651 1 _2qrmak
856 4 0 _uhttps://fll.law.cu.edu.eg/fulltext/bks/test.pdf
905 _a75
942 _2ddc
_n0
_cBK
_e21
999 _c50415
_d50415